|
|
|
|
| LEADER |
01033nam a2200253 a 4500 |
| 001 |
GR-Patra4998 |
| 008 |
991022s1994 enk 000 b eng d |
| 020 |
|
|
|a 0241002362
|
| 040 |
|
|
|a GrPaTEI
|b gre
|c GR-PaULI
|
| 245 |
0 |
0 |
|a Pocket MBA :
|b хthe иessentials of management thinking and theory from A to Z.
|
| 260 |
|
|
|a London :
|b Penguin,
|c 1994
|
| 300 |
|
|
|a vi, 233σ. :
|b πίν.
|
| 490 |
1 |
|
|a The Economist books
|
| 650 |
|
0 |
|a Education
|
| 650 |
|
0 |
|a Management
|
| 650 |
|
4 |
|a ΔΙΟΙΚΗΣΗ ΚΑΙ ΟΡΓΑΝΩΣΗ
|
| 650 |
|
4 |
|a ΕΚΠΑΙΔΕΥΣΗ
|
| 650 |
|
4 |
|a ΕΚΠΑΙΔΕΥΣΗ, ΑΝΩΤΕΡΗ
|
| 653 |
|
|
|a ΔΙΟΙΚΗΣΗ ΚΑΙ ΟΡΓΑΝΩΣΗ - ΣΠΟΥΔΗ ΚΑΙ ΔΙΔΑΣΚΑΛΙΑ
|
| 830 |
|
0 |
|1 00111718
|1 2001
|a The Economist books
|
| 942 |
|
|
|2 ddc
|
| 952 |
|
|
|0 0
|1 0
|2 ddc
|4 0
|6 658_312400000000000_POC
|7 0
|9 286063
|a LISK
|b LISK
|c BSC
|d 2021-01-17
|e 24
|f 0
|g 0.00
|l 0
|o 658.3124 POC
|p 9241008659
|r 2021-01-17 00:00:00
|t 1
|w 2021-01-17
|y BK15
|x 19991024 0 1
|x GrPaTEI
|
| 971 |
|
|
|a .b26525045
|b 15-04-20
|c 23-09-16
|
| 999 |
|
|
|c 166858
|d 166858
|